El nuevo plan de estudios médicos : (Record no. 165193)

MARC details
000 -LEADER
campo de control de longitud fija 00677nam a2200181 i 4500
001 - NÚMERO DE CONTROL
campo de control 165193
003 - IDENTIFICADOR DE NÚMERO DE CONTROL
campo de control ES-MaACL
005 - FECHA Y HORA DE LA ÚLTIMA TRANSACCIÓN
campo de control 20251222063017.0
008 - DATOS DE LONGITUD FIJA--INFORMACIÓN GENERAL
campo de control de longitud fija 000209s1843 sp |||| | spa d
080 ## - NÚMERO DE LA CLASIFICACIÓN DECIMAL UNIVERSAL
Número de la Clasificación Decimal Universal 61:37(460)
100 1# - ENTRADA PRINCIPAL--NOMBRE DE PERSONA
Nombre de persona Seoane, Mateo,
Fechas asociadas al nombre 1791-1870
9 (RLIN) 132650
245 13 - MENCIÓN DEL TÍTULO
Título El nuevo plan de estudios médicos :
Resto del título cuaderno I /
Mención de responsabilidad, etc. por Mateo Seoane.
260 ## - PUBLICACIÓN, DISTRIBUCIÓN, ETC.
Lugar de publicación, distribución, etc. Madrid :
Nombre del editor, distribuidor, etc. [s.n.],
Fecha de publicación, distribución, etc. 1843 (
Fabricante imprenta del Colegio Nacional de Sordo-Mudos y Ciegos)
300 ## - DESCRIPCIÓN FÍSICA
Extensión 29 p. ;
Dimensiones 20 cm.
650 #7 - PUNTO DE ACCESO ADICIONAL DE MATERIA--TÉRMINO DE MATERIA
Término de materia o nombre geográfico como elemento de entrada Medicina-
Subdivisión general Estudio y enseñanza-
Subdivisión geográfica España
Fuente del encabezamiento o término
9 (RLIN) 151425
852 4# - LOCALIZACIÓN
Ubicación ES-MaACL
Número de control de estantería T-34-F-8
Nota libre - Enc. hol.
-- - Enc. en un vol. facticio
Holdings
Estatus retirado Estado de pérdida Estado de daño No para préstamo Colección Biblioteca de origen Biblioteca actual Ubicación en estantería Fecha de adquisición Total de préstamos Signatura topográfica completa Código de barras Visto por última vez Precio de reemplazo Tipo de ítem Koha
        Colección de folletos Biblioteca del Ateneo de Madrid Biblioteca del Ateneo de Madrid Depósito folletos 17/01/2008   T-34-F-8 1173221 23/02/2023 23/02/2023 Folleto